The golden rules of advocacy
Guardado en:
| Autor principal: | |
|---|---|
| Formato: | Libro |
| Lenguaje: | inglés |
| Publicado: |
Oxford
Oxford University Press
1993
|
| Materias: | |
| Etiquetas: |
Agregar Etiqueta
Sin Etiquetas, Sea el primero en etiquetar este registro!
|
MARC
| LEADER | 00000nam a2200000 a 4500 | ||
|---|---|---|---|
| 001 | UCI7465 | ||
| 003 | CL-VaPUC | ||
| 008 | 080703e19930000UK |||||||||||||||||eng|d | ||
| 020 | |a 9781854312594 | ||
| 082 | 0 | 4 | |a 347.052 |b EVA |2 21 |
| 100 | 0 | |a Evans, Keith |e author |9 530720 | |
| 245 | 1 | 4 | |a The golden rules of advocacy |
| 300 | |a 127 p | ||
| 942 | |c BK | ||
| 945 | |d 20080703 00:00:00 |a jtorresc | ||
| 260 | |a Oxford |b Oxford University Press |c 1993 | ||
| 650 | 7 | |a DEFENSA DE LOS DERECHOS |2 CL-VaPUC |9 530721 | |
| 583 | |a last modification |c 20080703 00:00:00 |k Rodrigo Vera | ||
| 999 | |c 330744 |d 330742 | ||
| 952 | |0 0 |1 0 |4 0 |6 347_052000000000000_EVA_1993 |7 0 |8 A |9 416502 |a FDOPOS |b FDOPOS |d 2019-11-22 |i 4454561 |o 347.052 EVA 1993 |p 4454561 |r 2025-01-22 |w 2019-11-22 |y BK |k MLA | ||